LEADER 04593nam 22008774a 450 001 9910974290803321 005 20250423213710.0 010 $a9780198039167 010 $a0198039166 010 $a9781280844959 010 $a1280844957 010 $a9781429431026 010 $a1429431024 035 $a(CKB)2560000000296702 035 $a(EBL)422494 035 $a(OCoLC)476257503 035 $a(SSID)ssj0000114263 035 $a(PQKBManifestationID)11130094 035 $a(PQKBTitleCode)TC0000114263 035 $a(PQKBWorkID)10125041 035 $a(PQKB)11133950 035 $a(StDuBDS)EDZ0000022206 035 $a(MiAaPQ)EBC422494 035 $a(Au-PeEL)EBL422494 035 $a(CaPaEBR)ebr10263640 035 $a(CaONFJC)MIL84495 035 $a(EXLCZ)992560000000296702 100 $a20040420d2005 uy 0 101 0 $aeng 135 $aurcn||||||||| 181 $ctxt 182 $cc 183 $acr 200 10$aBrain and visual perception $ethe story of a 25-year collaboration /$fDavid H. Hubel, Torsten N. Wiesel 205 $a1st ed. 210 $aNew York, N.Y. $cOxford University Press$d2005 215 $a1 online resource (viii, 729 pages) $cillustrations 300 $aDescription based upon print version of record. 311 08$a9780195176186 311 08$a0195176189 311 08$a9780199847013 311 08$a0199847010 320 $aIncludes bibliographical references and index. 327 $aDavid H. Hubel -- Torsten N. Wiesel -- Cortical neurophysiology in the 1950's -- The group at Hopkins -- The move from Hopkins to Harvard -- The new department -- Our first paper, on cat cortex, 1959 -- Recordings from fibers in the monkey optic nerve -- Recordings from cells in the cat lateral geniculate -- Our major paper on cat striate cortex, 1962 -- Recordings from cat prestriate areas, 18 and 19 -- Survey of the monkey lateral geniculate body- a foray into color -- Recording fibers in the cat corpus callosum -- Recordings in monkey striate cortex, 1968 -- Another visual representation, the cat clare-bishop area -- Encoding of binocular depth in a cortical area in the monkey -- Anatomy of the geniculo-cortical pathway: the nauta method -- Ocular dominance columns revealed by autoradiography -- Regular sequences of orientation shifts in monkeys -- Cortical modules and magnification in monkeys -- The first three kitten deprivation papers -- Second group of deprivation papers -- The Siamese cat -- Cells grouped in orientation columns in newborn monkeys -- Plasticity and development of monkey ocular dominance columns -- Ferrier lecture, 1977 -- Nobel lecture, David H. Hubel; Nobel lecture, Torsten N. Wiesel -- Epilogue: summing up. 330 $aPart I. Introduction and Biographies 1. David H. Hubel 2. Torsten N. Wiesel Part II. Background to Our Research 3. Cortical Neurophysiology in the 1950's 4. The Group at Johns Hopkins 5. The Move from Hopkins to Harvard 6. The New Department Part III. Normal Physiology and Anatomy 7. Our First Paper, on Cat Cortex, 1959 8. Recordings from Fibers in the Monkey Optic Nerve 9. Recordings from Cells in the Cat Lateral Geniculate 10. Our Major Paper on Cat Striate Cortex, 1962 11. Recordings from the Cat Prestriate Areas, 18 and 19 12. Survey of the Monkey Lateral Geniculate Body--A F 517 3 $aStory of a 25-year collaboration 517 3 $aStory of a twenty-five-year collaboration 606 $aVisual pathways 606 $aVisual pathways$xResearch$xHistory 606 $aVisual perception 606 $aVisual perception$xResearch$xHistory 606 $aVisual Perception$xphysiology$3(DNLM)D014796Q000502 606 $aBiomedical Research$xhistory$3(DNLM)D035843Q000266 606 $aHistory, 20th Century$3(DNLM)D049673 606 $aVisual Pathways$3(DNLM)D014795 606 $aVisual Perception$3(DNLM)D014796 607 $aUnited States 615 0$aVisual pathways. 615 0$aVisual pathways$xResearch$xHistory. 615 0$aVisual perception. 615 0$aVisual perception$xResearch$xHistory. 615 12$aVisual Perception$xphysiology. 615 22$aBiomedical Research$xhistory. 615 22$aHistory, 20th Century. 615 2$aVisual Pathways. 615 2$aVisual Perception. 676 $a152.14 700 $aHubel$b David H.$0168796 702 $aWiesel$b Torsten N. 801 0$bMiAaPQ 801 1$bMiAaPQ 801 2$bMiAaPQ 906 $aBOOK 912 $a9910974290803321 996 $aBrain and visual perception$94370067 997 $aUNINA